[Event "Staufer op 34th"]
[Site "Schwaebisch Gmuend"]
[Date "2024.01.03"]
[Round "3"]
[White "Spriestersbach, Kai"]
[Black "Siegert, Gregor"]
[Result "0-1"]
[WhiteElo "2282"]
[BlackElo "2131"]
[PlyCount "42"]
[EventDate "2024.01.02"]
[EventType "swiss"]
[EventRounds "9"]
[EventCountry "GER"]
[SourceTitle "CB02_2024"]
[SourceDate "2024.01.10"]
[SourceVersion "1"]
[SourceVersionDate "2024.01.10"]
[SourceQuality "1"]

1. e4 c5 2. Nf3 e6 3. d4 cxd4 4. Nxd4 Nc6 5. Nc3 Qc7 6. Be2 a6 7. a3 Nf6 8. f4 Nxd4 9. Qxd4 Bc5 10. Qd3 d6 11. Be3 Bxe3 12. Qxe3 b5 13. 0-0-0 Bb7 14. g4 Rc8 15. Bf3 0-0 16. g5 Ne8 17. Kb1 Qc5 18. Qd3 b4 19. axb4 Qxb4 20. f5 exf5 21. exf5 Rxc3 0-1

[Event "Staufer op 34th"]
[Site "Schwaebisch Gmuend"]
[Date "2024.01.02"]
[Round "2"]
[White "Walter, Andreas"]
[Black "Spriestersbach, Kai"]
[Result "1/2-1/2"]
[WhiteElo "2165"]
[BlackElo "2282"]
[PlyCount "134"]
[EventDate "2024.01.02"]
[EventType "swiss"]
[EventRounds "9"]
[EventCountry "GER"]
[SourceTitle "CB02_2024"]
[SourceDate "2024.01.10"]
[SourceVersion "1"]
[SourceVersionDate "2024.01.10"]
[SourceQuality "1"]

1. d4 Nf6 2. c4 g6 3. Nc3 Bg7 4. e4 d6 5. Be3 0-0 6. f3 a6 7. Qd2 Nbd7 8. h4 c5 9. dxc5 dxc5 10. 0-0-0 Qa5 11. Bh6 Ne5 12. h5 Be6 13. Bxg7 Kxg7 14. hxg6 fxg6 15. g4 Rad8 16. Qh2 Rxd1+ 17. Nxd1 Qc7 18. Nh3 Bg8 19. Ng5 h5 20. Ne3 Rd8 21. gxh5 Nxh5 22. Nd5 Qd6 23. f4 Ng4 24. Qh3 Bxd5 25. Qxg4 Bg8 26. Rxh5 Qd2+ 27. Kb1 Qe1+ 28. Kc2 Qd2+ 29. Kb1 Qe1+ 30. Kc2 Qxf1 31. Rh3 Qxc4+ 32. Rc3 Qa4+ 33. Kc1 Qd4 34. Qe2 Bxa2 35. Rg3 Qc4+ 36. Qxc4 Bxc4 37. Rc3 Bg8 38. Rxc5 Rd7 39. Kc2 Kf6 40. Rc8 Kg7 41. Kc3 Rd1 42. Re8 Rf1 43. Rxe7+ Kf6 44. Re8 Rxf4 45. Rxg8 Kxg5 46. Kd4 Rf2 47. b4 Rf7 48. Kd5 Rd7+ 49. Ke6 Rd4 50. e5 Rxb4 51. Ke7 Kf5 52. e6 Rb6 53. Rf8+ Ke5 54. Rf6 g5 55. Rg6 g4 56. Kf7 Rxe6 57. Rxe6+ Kf4 58. Rb6 g3 59. Rxb7 g2 60. Rb1 a5 61. Ke6 a4 62. Kd5 a3 63. Kc4 a2 64. Ra1 Kf3 65. Kb3 Kf2 66. Rxa2+ Kf1 67. Rxg2 Kxg2 1/2-1/2

[Event "Heusenstamm Schloss op"]
[Site "Heusenstamm"]
[Date "2023.11.26"]
[Round "7"]
[White "Spriestersbach, Kai"]
[Black "Villwock, Martin"]
[Result "1-0"]
[WhiteElo "2263"]
[BlackElo "2073"]
[PlyCount "67"]
[EventDate "2023.11.23"]
[EventType "swiss"]
[EventRounds "7"]
[EventCountry "GER"]
[SourceTitle "CB48_2023"]
[SourceDate "2023.11.29"]
[SourceVersion "1"]
[SourceVersionDate "2023.11.29"]
[SourceQuality "1"]

1. e4 c5 2. Nf3 e6 3. d4 cxd4 4. Nxd4 a6 5. Nc3 Qc7 6. Bd3 Nf6 7. Qe2 d6 8. g4 e5 9. Nf5 Nc6 10. g5 Bxf5 11. gxf6 Nd4 12. fxg7 Bxg7 13. Qh5 Bg6 14. Qh3 Qc6 15. Be3 0-0 16. 0-0-0 Rac8 17. Kb1 b5 18. Nd5 Qb7 19. Bxd4 exd4 20. f4 f5 21. exf5 Qxd5 22. fxg6 h6 23. Rhe1 Rce8 24. f5 Re5 25. Rxe5 Qxe5 26. Rf1 Re8 27. a3 Qf6 28. Qf3 d5 29. Qxd5+ Kh8 30. Rf4 h5 31. Re4 Rxe4 32. Qxe4 Bf8 33. Qb7 Be7 34. Be4 1-0

[Event "Heusenstamm Schloss op"]
[Site "Heusenstamm"]
[Date "2023.11.25"]
[Round "5"]
[White "Spriestersbach, Kai"]
[Black "Schmidt, Markus"]
[Result "1/2-1/2"]
[WhiteElo "2263"]
[BlackElo "2116"]
[PlyCount "30"]
[EventDate "2023.11.23"]
[EventType "swiss"]
[EventRounds "7"]
[EventCountry "GER"]
[SourceTitle "CB48_2023"]
[SourceDate "2023.11.29"]
[SourceVersion "1"]
[SourceVersionDate "2023.11.29"]
[SourceQuality "1"]

1. Nf3 d5 2. g3 g6 3. Bg2 Bg7 4. d4 Nf6 5. 0-0 0-0 6. c4 dxc4 7. Na3 c3 8. bxc3 c5 9. Nc4 Nc6 10. e3 Be6 11. Qe2 cxd4 12. cxd4 Rc8 13. Nfe5 Nxe5 14. Nxe5 Bd5 15. Ba3 Bxg2 1/2-1/2

[Event "GER-chT Lands U20"]
[Site "Hannover"]
[Date "2023.10.05"]
[Round "7"]
[White "Hecht, Jonas Christian"]
[Black "Spriestersbach, Kai"]
[Result "1/2-1/2"]
[WhiteElo "1999"]
[BlackElo "2167"]
[PlyCount "43"]
[EventDate "2023.10.01"]
[EventType "team-swiss"]
[EventRounds "7"]
[EventCountry "GER"]
[SourceTitle "EXT 2024"]
[Source "ChessBase"]
[SourceDate "2023.10.10"]
[SourceVersion "1"]
[SourceVersionDate "2023.10.10"]
[SourceQuality "1"]

1. e4 c6 2. Nf3 d5 3. d3 dxe4 4. dxe4 Qxd1+ 5. Kxd1 Nf6 6. Nc3 g6 7. h3 Bg7 8. Bd3 a5 9. Be3 Na6 10. Na4 Nd7 11. c3 b5 12. Nb6 Nxb6 13. Bxb6 a4 14. Ke2 a3 15. bxa3 Nb8 16. Bd4 Bxd4 17. cxd4 Rxa3 18. d5 cxd5 19. Bxb5+ Bd7 20. Bxd7+ Nxd7 21. exd5 0-0 22. Rhd1 1/2-1/2

[Event "Erkenschwick Jubilee"]
[Site "Oer Erkenschwick"]
[Date "2023.08.10"]
[Round "7"]
[White "Spriestersbach, Kai"]
[Black "Krastev, Alexander"]
[Result "0-1"]
[WhiteElo "2167"]
[BlackElo "2411"]
[PlyCount "64"]
[EventDate "2023.08.04"]
[EventType "tourn"]
[EventRounds "9"]
[EventCountry "GER"]
[EventCategory "6"]
[SourceTitle "EXT 2024"]
[Source "ChessBase"]
[SourceDate "2023.10.10"]
[SourceVersion "1"]
[SourceVersionDate "2023.10.10"]
[SourceQuality "1"]

1. e4 c5 2. Nf3 d6 3. d4 cxd4 4. Nxd4 Nf6 5. Nc3 a6 6. Be3 e5 7. Nb3 Be6 8. h3 Be7 9. f4 Nc6 10. f5 Bc8 11. Qf3 b5 12. Bd3 Bb7 13. 0-0 Nb4 14. Bg5 0-0 15. Rfd1 Rc8 16. Bxf6 Bxf6 17. a3 Nc6 18. Nd5 Nd4 19. Nxd4 exd4 20. a4 Bxd5 21. exd5 Re8 22. axb5 Re3 23. Qf4 axb5 24. Bxb5 Be5 25. Qg4 Rg3 26. Qe4 Re3 27. Qg4 Rxc2 28. Rdc1 Rg3 29. Rxc2 Rxg4 30. hxg4 h5 31. Bd3 Qh4 32. Rf2 Qh2+ 0-1

[Event "Erkenschwick Jubilee"]
[Site "Oer Erkenschwick"]
[Date "2023.08.09"]
[Round "6"]
[White "De Winter, Arthur"]
[Black "Spriestersbach, Kai"]
[Result "1-0"]
[WhiteElo "2360"]
[BlackElo "2167"]
[PlyCount "47"]
[EventDate "2023.08.04"]
[EventType "tourn"]
[EventRounds "9"]
[EventCountry "GER"]
[EventCategory "6"]
[SourceTitle "EXT 2024"]
[Source "ChessBase"]
[SourceDate "2023.10.10"]
[SourceVersion "1"]
[SourceVersionDate "2023.10.10"]
[SourceQuality "1"]

1. e4 c6 2. d4 d5 3. e5 Bf5 4. h4 h5 5. Bd3 Bxd3 6. Qxd3 Qa5+ 7. Nc3 e6 8. a4 Na6 9. Nge2 Nb4 10. Qd1 Ne7 11. 0-0 Nf5 12. Bg5 a6 13. Ng3 Nxd4 14. Qxd4 Nxc2 15. Qd3 Nxa1 16. Rxa1 Qb4 17. Rd1 Be7 18. Nge4 0-0-0 19. Bxe7 Qxe7 20. Nd6+ Rxd6 21. exd6 Qxd6 22. Qd4 e5 23. Qa7 Kc7 24. Nxd5+ 1-0

[Event "Erkenschwick Jubilee"]
[Site "Oer Erkenschwick"]
[Date "2023.08.06"]
[Round "3"]
[White "Spriestersbach, Kai"]
[Black "Besou, Hussain"]
[Result "1-0"]
[WhiteElo "2167"]
[BlackElo "2364"]
[PlyCount "111"]
[EventDate "2023.08.04"]
[EventType "tourn"]
[EventRounds "9"]
[EventCountry "GER"]
[EventCategory "6"]
[SourceTitle "EXT 2024"]
[Source "ChessBase"]
[SourceDate "2023.10.10"]
[SourceVersion "1"]
[SourceVersionDate "2023.10.10"]
[SourceQuality "1"]

1. Nf3 d5 2. g3 Nf6 3. Bg2 e6 4. 0-0 Be7 5. c4 0-0 6. d4 c6 7. b3 b6 8. Nc3 Nbd7 9. Qd3 Bb7 10. Bf4 c5 11. cxd5 Nxd5 12. Nxd5 Bxd5 13. Rfd1 Nf6 14. Rac1 Be4 15. Qa6 Nd5 16. dxc5 Bxc5 17. Qc4 Bxf3 18. Bxf3 Rc8 19. Bxd5 Bxf2+ 20. Kxf2 Rxc4 21. Bxc4 Qf6 22. Kg1 h5 23. h4 Qf5 24. Rf1 Qc5+ 25. Kh2 Qa3 26. Rc2 Rc8 27. Rd2 Qe7 28. Rfd1 Qf6 29. a4 g6 30. e4 Qc3 31. e5 g5 32. hxg5 Kg7 33. Rd3 Qb2+ 34. R3d2 Qc3 35. Rd7 Qf3 36. Rf1 Qc6 37. Bb5 Qe4 38. Bd2 Rc2 39. Rdxf7+ Kg8 40. Rf8+ Kg7 41. R8f7+ Kg8 42. Rf8+ Kg7 43. R1f7+ Kg6 44. Be8 Rxd2+ 45. Rf2+ Kxg5 46. Rxd2 Qxe5 47. Rf4 Qe3 48. Rdf2 h4 49. gxh4+ Kh6 50. b4 Qe5 51. Bc6 Qd6 52. b5 a6 53. Be4 axb5 54. axb5 Qe5 55. Kh3 Qc3+ 56. R2f3 1-0

[Event "GER-ch U18"]
[Site "Willingen"]
[Date "2023.05.30"]
[Round "4"]
[White "Albert, Markus1111"]
[Black "Spriestersbach, Kai"]
[Result "1-0"]
[WhiteElo "2232"]
[BlackElo "2230"]
[PlyCount "143"]
[EventDate "2023.05.28"]
[EventType "swiss"]
[EventRounds "9"]
[EventCountry "GER"]
[SourceTitle "CBM 214 Extra"]
[Source "ChessBase"]
[SourceDate "2023.07.31"]
[SourceVersion "1"]
[SourceVersionDate "2023.07.31"]
[SourceQuality "1"]

1. e4 c6 2. Nf3 d5 3. Nc3 dxe4 4. Nxe4 Nf6 5. Qe2 Nxe4 6. Qxe4 Nd7 7. Bc4 Nf6 8. Ne5 e6 9. Qe2 b5 10. Bd3 Qc7 11. a4 Bd6 12. Nxc6 b4 13. Nd4 a6 14. Nf5 Bb7 15. Nxd6+ Qxd6 16. 0-0 h5 17. Qe3 Rd8 18. f3 b3 19. Ra3 bxc2 20. Bxc2 h4 21. Qf2 h3 22. g3 Rd7 23. Rd3 Bd5 24. b3 Rh5 25. Bb2 Rf5 26. Rd4 Rg5 27. Rh4 Rc7 28. Bc3 Rh5 29. Rb4 Rg5 30. Rb8+ Kd7 31. Rb6 Rc6 32. Rxc6 Bxc6 33. Qd4 Nd5 34. f4 Rg4 35. Bd1 Rg6 36. Bh5 Rh6 37. Bf3 Nxc3 38. Qxd6+ Kxd6 39. dxc3 Bxf3 40. Rxf3 f5 41. Rd3+ Ke7 42. Kf2 Kf6 43. Rd6 Rh8 44. Ke3 a5 45. Rb6 Rd8 46. Ke2 g5 47. fxg5+ Kxg5 48. b4 Rc8 49. Kd2 Rd8+ 50. Kc2 axb4 51. cxb4 e5 52. a5 e4 53. Rc6 e3 54. a6 Rd2+ 55. Kb3 Rd7 56. Re6 f4 57. Re5+ Kg4 58. Re4 Kf3 59. Rxf4+ Kg2 60. Re4 Rd3+ 61. Ka4 Kxh2 62. a7 Rd8 63. b5 Kg2 64. Rxe3 Kf2 65. Rb3 h2 66. Rb1 Rd2 67. Ra1 h1Q 68. Rxh1 Ra2+ 69. Kb4 Rxa7 70. b6 Rg7 71. Ka5 Rxg3 72. Rb1 1-0

[Event "GER-ch U18"]
[Site "Willingen"]
[Date "2023.05.28"]
[Round "2"]
[White "Bilovil, Bogdan"]
[Black "Spriestersbach, Kai"]
[Result "1-0"]
[WhiteElo "2348"]
[BlackElo "2230"]
[PlyCount "85"]
[EventDate "2023.05.28"]
[EventType "swiss"]
[EventRounds "9"]
[EventCountry "GER"]
[SourceTitle "CBM 214 Extra"]
[Source "ChessBase"]
[SourceDate "2023.07.31"]
[SourceVersion "1"]
[SourceVersionDate "2023.07.31"]
[SourceQuality "1"]

1. Nf3 Nf6 2. c4 g6 3. b3 Bg7 4. Bb2 0-0 5. g3 d6 6. d4 e5 7. dxe5 dxe5 8. Qxd8 Rxd8 9. Nxe5 Na6 10. Nd3 Bf5 11. Nc3 Bxd3 12. exd3 Nb4 13. 0-0-0 Ng4 14. Rd2 Ne5 15. Kb1 Nexd3 16. Bxd3 Rxd3 17. Rxd3 Nxd3 18. Rd1 Nxb2 19. Kxb2 Kf8 20. Kc2 Bxc3 21. Kxc3 Ke7 22. b4 g5 23. Rd5 Rg8 24. a4 Rg6 25. Re5+ Kd7 26. Rb5 b6 27. Rd5+ Ke7 28. Re5+ Kd7 29. c5 bxc5 30. Rxc5 h6 31. Rf5 Rc6+ 32. Kd4 f6 33. g4 Ra6 34. a5 Re6 35. h4 a6 36. h5 Kc6 37. Rc5+ Kb7 38. Rc3 Re2 39. Rf3 Rb2 40. Kc3 Re2 41. Rxf6 Re4 42. f3 Re8 43. Kd4 1-0

[Event "Krefeld op"]
[Site "Krefeld"]
[Date "2022.08.04"]
[Round "1"]
[White "Spriestersbach, Kai"]
[Black "Bergau, Lukas"]
[Result "1-0"]
[WhiteElo "1857"]
[BlackElo "1510"]
[PlyCount "79"]
[EventDate "2022.08.04"]
[EventType "swiss"]
[EventRounds "9"]
[EventCountry "GER"]
[SourceTitle "CBM 209 Extra"]
[Source "ChessBase"]
[SourceDate "2022.09.30"]
[SourceVersion "1"]
[SourceVersionDate "2022.09.30"]
[SourceQuality "1"]

1. e4 c5 2. Nf3 Nc6 3. d4 cxd4 4. Nxd4 Nf6 5. Nc3 e5 6. Ndb5 d6 7. Bg5 a6 8. Na3 b5 9. Nd5 Be7 10. Bxf6 Bxf6 11. c3 0-0 12. Nc2 Bg5 13. a4 Rb8 14. axb5 axb5 15. h4 Be7 16. g3 Kh8 17. Nce3 f5 18. exf5 Bxf5 19. Nxf5 Rxf5 20. Ra6 Na5 21. Nxe7 Qxe7 22. Rxa5 Qf6 23. Qd2 Rf8 24. Rh2 e4 25. Rxb5 e3 26. Qxe3 d5 27. f4 Qc6 28. Qc5 Qa6 29. Re2 g5 30. Ra5 Qd3 31. Qd4+ Qxd4 32. cxd4 gxf4 33. g4 R5f7 34. Kf2 f3 35. Rd2 Rd8 36. Kg3 Kg7 37. Rf2 Rdf8 38. Rxd5 Rf4 39. Bd3 h6 40. Bf5 1-0

[Event "GER-ch U16"]
[Site "Willingen"]
[Date "2022.06.06"]
[Round "3"]
[White "Spriestersbach, Kai"]
[Black "Hecht, Jonas Christian"]
[Result "1-0"]
[WhiteElo "1948"]
[BlackElo "1938"]
[PlyCount "85"]
[EventDate "2022.06.04"]
[EventType "swiss"]
[EventRounds "9"]
[EventCountry "GER"]
[SourceTitle "CBM 208 Extra"]
[Source "ChessBase"]
[SourceDate "2022.07.31"]
[SourceVersion "1"]
[SourceVersionDate "2022.07.31"]
[SourceQuality "1"]

1. e4 c5 2. Nf3 e6 3. d4 cxd4 4. Nxd4 Nc6 5. Nc3 Qc7 6. Be2 Nf6 7. a3 Be7 8. f4 d6 9. Be3 0-0 10. g4 Nxd4 11. Qxd4 e5 12. Qd2 exf4 13. Bxf4 Nxg4 14. 0-0-0 Ne5 15. Nd5 Qd8 16. Qb4 a5 17. Nxe7+ Qxe7 18. Qxd6 Qxd6 19. Rxd6 Ng6 20. Bg3 Be6 21. Rhd1 Ne7 22. Rb6 Nc6 23. Rxb7 Rfd8 24. c3 a4 25. Bc7 Rxd1+ 26. Bxd1 g5 27. Rb5 h6 28. Rc5 Ne7 29. Ra5 Rxa5 30. Bxa5 Bd7 31. Kd2 Ng6 32. Bc7 f6 33. Ke3 Kf7 34. Bh5 g4 35. Kd4 Kg7 36. Bg3 f5 37. exf5 Bxf5 38. Kc5 Bd7 39. Kd6 Bf5 40. c4 Nf8 41. Be5+ Kg8 42. Be8 Ng6 43. Bxa4 1-0

[Event "GER-ch U16"]
[Site "Willingen"]
[Date "2022.06.05"]
[Round "2"]
[White "Beyer, Lorenz"]
[Black "Spriestersbach, Kai"]
[Result "1-0"]
[WhiteElo "1512"]
[BlackElo "1948"]
[PlyCount "49"]
[EventDate "2022.06.04"]
[EventType "swiss"]
[EventRounds "9"]
[EventCountry "GER"]
[SourceTitle "CBM 208 Extra"]
[Source "ChessBase"]
[SourceDate "2022.07.31"]
[SourceVersion "1"]
[SourceVersionDate "2022.07.31"]
[SourceQuality "1"]

1. d4 Nf6 2. Nf3 g6 3. Bf4 Bg7 4. e3 0-0 5. Be2 d6 6. 0-0 Nfd7 7. c3 e5 8. dxe5 dxe5 9. Bg3 h6 10. Nbd2 Nc6 11. Qc2 f5 12. h3 Qf6 13. Bc4+ Kh8 14. Rad1 Nb6 15. Bb5 f4 16. exf4 exf4 17. Nh4 Ne7 18. Bd3 g5 19. Ne4 Qc6 20. Qe2 fxg3 21. Nxg5 hxg5 22. Ng6+ Nxg6 23. Qh5+ Kg8 24. Bxg6 Re8 25. Qh7+ 1-0

[Event "GER-ch U14"]
[Site "Willingen"]
[Date "2020.10.23"]
[Round "5"]
[White "Eilenberg, Jonas"]
[Black "Spriestersbach, Kai"]
[Result "1-0"]
[WhiteElo "2242"]
[BlackElo "1863"]
[PlyCount "113"]
[EventDate "2020.10.19"]
[EventType "swiss"]
[EventRounds "7"]
[EventCountry "GER"]
[SourceTitle "EXT 2022"]
[Source "ChessBase"]
[SourceDate "2021.10.06"]
[SourceVersion "1"]
[SourceVersionDate "2021.10.06"]
[SourceQuality "1"]

1. d4 Nf6 2. c4 e6 3. Nc3 Bb4 4. f3 c5 5. d5 b5 6. e4 bxc4 7. Bxc4 exd5 8. Bxd5 Nxd5 9. Qxd5 Nc6 10. Bg5 Qa5 11. Nge2 Ba6 12. Kf2 0-0 13. a3 Bxc3 14. Nxc3 c4 15. Qxa5 Nxa5 16. Be7 Rfe8 17. Bb4 Nb3 18. Rad1 Bb7 19. Nb5 a5 20. Bc3 Rec8 21. Nd6 Rc7 22. Be5 f6 23. Bc3 Nc5 24. Ke3 a4 25. g4 Ba6 26. Rhg1 Ne6 27. Nf5 h6 28. h4 Kf7 29. Rd6 Bc8 30. f4 Ra6 31. g5 hxg5 32. hxg5 fxg5 33. fxg5 Rxd6 34. Nxd6+ Kg6 35. Nf5 Bb7 36. Ne7+ Kf7 37. Nd5 Rc5 38. g6+ Ke8 39. Bb4 Rb5 40. Rh1 d6 41. Rh5 Bc6 42. Bc3 Kd7 43. Rf5 Ke8 44. Bb4 Rb7 45. Rf2 Rb5 46. Rd2 Bxd5 47. exd5 Nc7 48. Ke4 Ke7 49. Bc3 Ne8 50. Rf2 Nf6+ 51. Bxf6+ gxf6 52. Re2 Kf8 53. Kf5 Rb3 54. Kxf6 Rf3+ 55. Ke6 Kg7 56. Kxd6 Kxg6 57. Re4 1-0

[Event "Gelsenkirchen Koenigsspringer op"]
[Site "Gelsenkirchen"]
[Date "2019.12.28"]
[Round "3"]
[White "Adiyaman, Rene"]
[Black "Spriestersbach, Kai"]
[Result "1-0"]
[WhiteElo "2119"]
[BlackElo "1734"]
[PlyCount "63"]
[EventDate "2019.12.27"]
[EventType "swiss"]
[EventRounds "7"]
[EventCountry "GER"]
[SourceTitle "CBM 194 Extra"]
[Source "ChessBase"]
[SourceDate "2020.03.31"]
[SourceVersion "1"]
[SourceVersionDate "2020.03.31"]
[SourceQuality "1"]

1. e4 c6 2. d4 d5 3. exd5 cxd5 4. c4 Nf6 5. Nc3 g6 6. cxd5 Nxd5 7. Nf3 Bg7 8. Bd3 0-0 9. 0-0 Nc6 10. Qb3 Ndb4 11. Be4 Na6 12. Rd1 Qb6 13. Be3 Qxb3 14. axb3 f5 15. Bxc6 bxc6 16. d5 Nb4 17. d6 exd6 18. Rxd6 Bb7 19. Bc5 Na6 20. Bd4 Bxd4 21. Nxd4 Rad8 22. Rxd8 Rxd8 23. Nxc6 Rd2 24. Na5 Bd5 25. h4 Nc5 26. b4 Ne4 27. f3 Nf6 28. Rd1 Rxd1+ 29. Nxd1 Kf7 30. Nc3 Ke6 31. Nb5 a6 32. Nc7+ 1-0

[Event "Gelsenkirchen Koenigsspringer op"]
[Site "Gelsenkirchen"]
[Date "2019.12.28"]
[Round "4"]
[White "Spriestersbach, Kai"]
[Black "Raygrotzki, Norbert"]
[Result "1-0"]
[WhiteElo "1734"]
[BlackElo "1881"]
[PlyCount "57"]
[EventDate "2019.12.27"]
[EventType "swiss"]
[EventRounds "7"]
[EventCountry "GER"]
[SourceTitle "CBM 194 Extra"]
[Source "ChessBase"]
[SourceDate "2020.03.31"]
[SourceVersion "1"]
[SourceVersionDate "2020.03.31"]
[SourceQuality "1"]

1. c4 e5 2. g3 c6 3. Bg2 d5 4. Nf3 e4 5. Nd4 h6 6. d3 Bb4+ 7. Bd2 Bxd2+ 8. Qxd2 f5 9. Nc3 Ne7 10. 0-0 0-0 11. Rac1 Qb6 12. e3 Na6 13. cxd5 cxd5 14. a3 Nc5 15. dxe4 dxe4 16. f3 exf3 17. Bxf3 Rd8 18. b4 Nb3 19. Qa2 Rxd4 20. exd4 Qxd4+ 21. Kh1 Be6 22. Rce1 Bc4 23. Rxe7 Qxc3 24. Rf2 Nd4 25. Bd5+ Bxd5+ 26. Qxd5+ Kh8 27. Qxb7 Rc8 28. Rxg7 Qe1+ 29. Kg2 1-0